Leasehold management (Record no. 104640)

MARC details
000 -LEADER
fixed length control field 01239cam a2200277 4500
001 - CONTROL NUMBER
control field ##L131094
008 - FIXED-LENGTH DATA ELEMENTS--GENERAL INFORMATION
fixed length control field 050927n2003 000 0 eng u
020 ## - INTERNATIONAL STANDARD BOOK NUMBER
International Standard Book Number 1903208521
035 ## - SYSTEM CONTROL NUMBER
System control number (Sirsi) u131094
041 0# - LANGUAGE CODE
Language code of text/sound track or separate title eng
050 04 - LIBRARY OF CONGRESS CALL NUMBER
Classification number 346.4104346 $2 18
100 02 - MAIN ENTRY--PERSONAL NAME
Personal name Robinson, Peter
245 00 - TITLE STATEMENT
Title Leasehold management
Remainder of title a good practice guide
260 ## - PUBLICATION, DISTRIBUTION, ETC.
Place of publication, distribution, etc. Coventry
Name of publisher, distributor, etc. CIH
Date of publication, distribution, etc. 2003
300 ## - PHYSICAL DESCRIPTION
Extent xii, 188p.
Dimensions 23cm.
350 ## - PRICE (NR) (BK AM CF MU VM SE) [OBSOLETE]
Price 25
520 ## - SUMMARY, ETC.
Summary, etc. A guide covering: the legal and regulatory framework for residential leasehold management in the public and private sectors; the administration of service charges following the Commonhold and Leasehold Reform Act 2002; the position of leaseholders in large scale regeneration schemes; the extended role of Leasehold Valuation Tribunals; good practice examples and case studies with details of additional information sources.
590 ## - LOCAL NOTE (RLIN)
Local note IKA030106
650 24 - SUBJECT ADDED ENTRY--TOPICAL TERM
Topical term or geographic name entry element COMMONHOLD AND LEASEHOLD REFORM ACT 2002
690 ## - LOCAL SUBJECT ADDED ENTRY--TOPICAL TERM (OCLC, RLIN)
Topical term or geographic name as entry element PROPERTY-RESIDENTIAL PROPERTY-RESIDENTIAL PROPERTY TENURE-LEASEHOLD RESIDENTIAL PROPERTY
700 1# - ADDED ENTRY--PERSONAL NAME
Personal name Mills, John
710 2# - ADDED ENTRY--CORPORATE NAME
Corporate name or jurisdiction name as entry element Chartered Institute of Housing
9 (RLIN) 2394
710 2# - ADDED ENTRY--CORPORATE NAME
Corporate name or jurisdiction name as entry element National Housing Federation
9 (RLIN) 695
710 2# - ADDED ENTRY--CORPORATE NAME
Corporate name or jurisdiction name as entry element Housing Corporation
942 ## - ADDED ENTRY ELEMENTS (KOHA)
Suppress in OPAC 0
Holdings
Withdrawn status Lost status Source of classification or shelving scheme Damaged status Not for loan Home library Current library Shelving location Date acquired Cost, normal purchase price Total Checkouts Full call number Barcode Date last seen Date last checked out Copy number Cost, replacement price Price effective from Koha item type
    Dewey Decimal Classification     London London Books 07/12/2005 21.25 2 346.4104346 ROB 30071378 06/08/2019 06/03/2008 1 21.25 06/08/2019 Book